|
|
|
|
| LEADER |
00000naa2a2200000 4500 |
| 001 |
381462 |
| 005 |
20231101062829.0 |
| 035 |
|
|
|a (RuTPU)RU\TPU\prd\4082
|
| 090 |
|
|
|a 381462
|
| 100 |
|
|
|a 20020523a2002 k y0rusy50 ca
|
| 101 |
0 |
|
|a rus
|
| 102 |
|
|
|a RU
|
| 200 |
1 |
|
|a Генерирование вариантов установки заготовок при разработке маршрутных процессов изготовления деталей
|f А. И. Кондаков
|
| 225 |
1 |
|
|a Современные технологии
|
| 320 |
|
|
|a Библиогр.: 2 назв.
|
| 461 |
|
1 |
|0 (RuTPU)RU\TPU\prd\1723
|x 0203-347X
|t Справочник. Инженерный журнал
|o научно-технический и производственный журнал
|d 2000-
|
| 463 |
|
1 |
|0 (RuTPU)RU\TPU\prd\2913
|t № 1
|v С. 5-13
|d 2002
|
| 610 |
1 |
|
|a генерирование
|
| 610 |
1 |
|
|a установка заготовок
|
| 610 |
1 |
|
|a изготовление деталей
|
| 610 |
1 |
|
|a маршрутные процессы
|
| 610 |
1 |
|
|a разработка
|
| 700 |
|
1 |
|a Кондаков
|b А. И.
|
| 801 |
|
1 |
|a RU
|b 63413507
|c 20020523
|g PSBO
|
| 801 |
|
2 |
|a RU
|b 63413507
|c 20140115
|g PSBO
|
| 942 |
|
|
|c BK
|